000 00737nam a2200289Ia 4500
005 20260324125550.0
008 008 260324s9999 xx 000 0 eng d
020 _a9780203891698
037 _aEBOOK
040 _aCRL
040 _beng
040 _cCRL
041 _2eng
041 _aeng
084 _qCRL
100 _aNatividad Fernández Sola; Michael Smith
_91178455
245 0 _aPerceptions and Policy in Transatlantic Relations
245 0 _bProspective Visions from the US and Europe
260 _bTaylor and Francis
260 _c2009
365 _a
365 _b230
856 _uhttp://www.taylorfrancis.com/books/9780203891698
942 _cEBOOK
999 _c1773853
_d1773853